|
|
|
|
| LEADER |
01635nam a2200289 a 4500 |
| 001 |
1878834 |
| 008 |
091109s1984 nyua b 001 0 eng d |
| 010 |
|
|
|a 83019609
|
| 020 |
|
|
|a 0070662193
|
| 020 |
|
|
|a 0070108137 :
|c $27.95
|
| 040 |
|
|
|a DLC
|c DLC
|d DLC
|
| 082 |
0 |
0 |
|a 330/.01/51
|2 19
|
| 100 |
1 |
|
|a Chiang, Alpha C.,
|d 1927-
|
| 245 |
1 |
0 |
|a Fundamental methods of mathematical economics /
|c Alpha C. Chiang.
|
| 250 |
|
|
|a 3rd ed.
|
| 260 |
|
|
|a New York :
|b McGraw-Hill,
|c c1984.
|
| 300 |
|
|
|a xii, 788 p. :
|b ill. ;
|c 25 cm.
|
| 504 |
|
|
|a Includes bibliography: [p. 760-762] and index.
|
| 541 |
1 |
|
|e 00008655
|
| 650 |
|
0 |
|a Economics, Mathematical.
|
| 852 |
4 |
|
|a Ayesha Abed Library
|j General Shelf.
|
| 942 |
0 |
0 |
|0 4
|
| 999 |
|
|
|c 5287
|d 5287
|
| 952 |
|
|
|0 0
|1 0
|2 ddc
|4 0
|6 330_015100000000000_CHI_1984
|7 0
|8 NFIC
|9 5136
|a BRACUL
|b BRACUL
|c GEN
|d 2009-11-09
|g 0.00
|l 29
|m 236
|o 330.0151 CHI
|p 3010008655
|r 2025-05-22
|s 2025-02-09
|t 1
|w 2009-11-09
|y BK
|x No price found in the accession register.
|
| 952 |
|
|
|0 0
|1 4
|2 ddc
|4 0
|6 330_015100000000000_CHI
|7 0
|8 NFIC
|9 5588
|a BRACUL
|b BRACUL
|c GEN
|d 2009-11-21
|g 0.00
|l 0
|o 330.0151 CHI
|p 3010008658
|r 2009-11-21
|t 2
|w 2009-11-21
|y BK
|x No price found in the accession register.
|
| 952 |
|
|
|0 0
|1 0
|2 ddc
|4 0
|6 330_015100000000000_CHI_1984
|7 0
|8 NFIC
|9 5640
|a BRACUL
|b BRACUL
|c GEN
|d 2009-11-21
|g 0.00
|l 26
|m 167
|o 330.0151 CHI
|p 3010008218
|r 2019-12-19
|s 2019-09-29
|t 3
|w 2009-11-21
|y BK
|x No price found in the accession register.
|
| 952 |
|
|
|0 0
|1 0
|2 ddc
|4 0
|6 330_015100000000000_CHI_1984
|7 0
|8 NFIC
|9 5642
|a BRACUL
|b BRACUL
|c GEN
|d 2009-11-21
|g 0.00
|l 24
|m 255
|o 330.0151 CHI
|p 3010008219
|r 2021-10-13
|s 2020-01-22
|t 4
|w 2009-11-21
|y BK
|x No price found in the accession register.
|